| 000 | 00571nam a2200205 i 4500 | ||
|---|---|---|---|
| 001 | 147100 | ||
| 003 | ES-MaACL | ||
| 007 | t| | ||
| 008 | 070921s1954 sp ||||1| spa d | ||
| 080 | _a621.396.62.00.467 | ||
| 100 | 1 |
_aDarkness, R. J. _942731 |
|
| 245 | 1 | 0 |
_aReparaciones relámpago / _cR.J. de Darkness [seud.]. |
| 250 | _a1ª ed. | ||
| 260 |
_aBarcelona, etc. : _bBruguera, _c1954. |
||
| 300 |
_a201 p. : _bil. ; _c20 cm. |
||
| 490 | 1 | _aTécnica al día | |
| 830 | 0 |
_aTécnica al día _9187437 |
|
| 852 |
_aES-MaACL _jC-8414 _bR.36513 |
||
| 999 |
_c147100 _d147100 |
||